[Event "Toronto Excelsior IM 06"]
[Site "Toronto"]
[Date "2023.06.14"]
[Round "4"]
[White "Noritsyn, Nikolay"]
[Black "Noritsyn, Sergey"]
[Result "1/2-1/2"]
[WhiteElo "2462"]
[BlackElo "2136"]
[PlyCount "134"]
[EventDate "2023.06.13"]
[EventType "tourn"]
[EventRounds "9"]
[EventCountry "CAN"]
[SourceTitle "CBM 215 Extra"]
[Source "ChessBase"]
[SourceDate "2023.09.30"]
[SourceVersion "1"]
[SourceVersionDate "2023.09.30"]
[SourceQuality "1"]

1. e4 c5 2. Nf3 e6 3. d4 cxd4 4. Nxd4 Nf6 5. Nc3 Nc6 6. a3 Be7 7. f4 Qb6 8. Nb3 d6 9. Qf3 e5 10. Be3 Nd4 11. Bxd4 exd4 12. Nb5 Bg4 13. Qd3 0-0 14. Qxd4 Qxd4 15. N3xd4 Nxe4 16. Be2 Bxe2 17. Kxe2 Bf6 18. Rhd1 a6 19. Kf3 axb5 20. Kxe4 d5+ 21. Kd3 Bxd4 22. Kxd4 Rac8 23. Kd3 Rc4 24. g3 Rfc8 25. Rd2 d4 26. Re1 Kf8 27. Re4 b4 28. Rxd4 Rxd4+ 29. Kxd4 Rd8+ 30. Ke3 Re8+ 31. Kd3 bxa3 32. bxa3 Ra8 33. Kc4 Rxa3 34. Rd7 Ra2 35. Kc3 Ra3+ 36. Kb2 Ra7 37. f5 Ke8 38. Rc7 Ra5 39. g4 h5 40. h3 hxg4 41. hxg4 Rb5+ 42. Kc3 Rb6 43. Kc4 Kf8 44. Kd5 f6 45. c3 Rb3 46. Ke6 Rb6+ 47. Kd7 Rb3 48. Kd6 Rb6+ 49. Kd5 Rb3 50. Ke4 Rb1 51. Rc4 Ke7 52. Kd5 Kd7 53. Rb4 Rd1+ 54. Kc5 Kc7 55. Re4 b6+ 56. Kc4 Kd7 57. Kb5 Rb1+ 58. Ka6 Rb3 59. Rc4 Kd6 60. Kb7 Ke5 61. Rc7 Kf4 62. Rxg7 Rxc3 63. Kxb6 Rg3 64. Rg6 Rxg4 65. Rxf6 Rg5 66. Rf8 Rxf5 67. Rxf5+ Kxf5 1/2-1/2

[Event "Toronto Excelsior IM 06"]
[Site "Toronto"]
[Date "2023.06.14"]
[Round "3"]
[White "Noritsyn, Sergey"]
[Black "Singh Dhaliwal, Jaipreet"]
[Result "1-0"]
[WhiteElo "2136"]
[BlackElo "1747"]
[PlyCount "55"]
[EventDate "2023.06.13"]
[EventType "tourn"]
[EventRounds "9"]
[EventCountry "CAN"]
[SourceTitle "CBM 215 Extra"]
[Source "ChessBase"]
[SourceDate "2023.09.30"]
[SourceVersion "1"]
[SourceVersionDate "2023.09.30"]
[SourceQuality "1"]

1. e4 c5 2. Nf3 d6 3. Bb5+ Bd7 4. Bxd7+ Qxd7 5. 0-0 Nf6 6. Qe2 Nc6 7. c3 e6 8. d4 cxd4 9. cxd4 d5 10. e5 Ne4 11. Be3 h6 12. Ne1 Ng5 13. Nd3 0-0-0 14. Nc3 f6 15. Rfc1 Kb8 16. exf6 gxf6 17. Na4 e5 18. Ndc5 Bxc5 19. Nxc5 Qf5 20. Nxb7 Qe4 21. Nxd8 Nxd4 22. Nc6+ Ka8 23. Nxd4 exd4 24. Qa6 Qg4 25. Rc7 Nf3+ 26. Kh1 Qxg2+ 27. Kxg2 Nh4+ 28. Kf1 1-0

[Event "Toronto Excelsior IM 06"]
[Site "Toronto"]
[Date "2023.06.13"]
[Round "1"]
[White "Noritsyn, Sergey"]
[Black "Mendes, Aaron Reeve"]
[Result "1-0"]
[WhiteElo "2136"]
[BlackElo "1994"]
[PlyCount "129"]
[EventDate "2023.06.13"]
[EventType "tourn"]
[EventRounds "9"]
[EventCountry "CAN"]
[SourceTitle "CBM 215 Extra"]
[Source "ChessBase"]
[SourceDate "2023.09.30"]
[SourceVersion "1"]
[SourceVersionDate "2023.09.30"]
[SourceQuality "1"]

1. e4 c5 2. Nf3 d6 3. Bb5+ Bd7 4. Bxd7+ Qxd7 5. 0-0 Nc6 6. c3 e6 7. d4 cxd4 8. cxd4 Nf6 9. d5 Ne5 10. Nc3 Nxf3+ 11. Qxf3 e5 12. Qd3 Nh5 13. Be3 Be7 14. Rac1 0-0 15. Qb5 Qxb5 16. Nxb5 a6 17. Na3 b5 18. Rc7 Bd8 19. Rc6 Be7 20. Nc2 a5 21. Na3 Rfb8 22. Bb6 Rb7 23. Rfc1 Nf6 24. Rc8+ Rxc8 25. Rxc8+ Bf8 26. Bc7 Nxe4 27. f3 Nf6 28. Bxd6 Nd7 29. Bxf8 Nxf8 30. d6 g6 31. Nxb5 Kg7 32. a4 Ne6 33. Ra8 Nc5 34. Rxa5 Nd3 35. Ra7 Rxa7 36. Nxa7 Kf6 37. Nb5 Nxb2 38. a5 Nc4 39. a6 Ke6 40. a7 Nb6 41. Kf2 f5 42. Ke3 g5 43. g4 f4+ 44. Ke4 Nd7 45. Nc7+ Kxd6 46. a8Q Nc5+ 47. Kf5 Kxc7 48. Kxe5 Nd7+ 49. Kf5 Nb6 50. Qa7+ Kc6 51. Qxh7 Kb5 52. Kxg5 Nd5 53. Qf5 Kc4 54. h4 Ne3 55. Qxf4+ Kd3 56. h5 Ng2 57. Qe4+ Kd2 58. f4 Ne1 59. h6 Nd3 60. h7 Nc5 61. Qb4+ Kc2 62. Qxc5+ Kb1 63. h8R Ka2 64. Rb8 Ka1 65. Qa3# 1-0

[Event "Canada zt"]
[Site "Kingston"]
[Date "2019.04.19"]
[Round "3"]
[White "Noritsyn, Sergey"]
[Black "Munro, Allan"]
[Result "1-0"]
[WhiteElo "2159"]
[BlackElo "2019"]
[PlyCount "119"]
[EventDate "2019.04.18"]
[EventType "swiss"]
[EventRounds "9"]
[EventCountry "CAN"]
[SourceTitle "CBM 190 Extra"]
[Source "ChessBase"]
[SourceDate "2019.07.15"]
[SourceVersion "1"]
[SourceVersionDate "2019.07.15"]
[SourceQuality "1"]

1. e4 c6 2. d4 d5 3. exd5 cxd5 4. Nf3 Nc6 5. Ne5 Nf6 6. Bb5 Bd7 7. Nxd7 Qxd7 8. c3 e6 9. 0-0 Bd6 10. Nd2 0-0 11. Nf3 Qc7 12. g3 a6 13. Ba4 b5 14. Bc2 Rfc8 15. Qe2 b4 16. Bd2 bxc3 17. bxc3 Na5 18. Ne5 Bxe5 19. dxe5 Nd7 20. f4 Nc4 21. Rf3 Rab8 22. g4 Rb2 23. Bc1 Rbb8 24. g5 Qa5 25. Rh3 Nf8 26. f5 exf5 27. Bxf5 Re8 28. Bf4 Rb2 29. Bc2 g6 30. a4 Na3 31. Rxa3 Qc5+ 32. Kg2 Qxa3 33. Bc1 Qa2 34. Bxb2 Qxb2 35. Rf3 Rc8 36. Rxf7 Ne6 37. Rf2 Rc4 38. Qd2 Kg7 39. h3 Qxc3 40. Qxc3 Rxc3 41. h4 a5 42. Bd1 Re3 43. Re2 Rxe2+ 44. Bxe2 h6 45. gxh6+ Kxh6 46. Bb5 Kg7 47. Kf3 Kf7 48. Ke3 Ke7 49. Bc6 Ng7 50. Bxd5 Nf5+ 51. Kf4 Nxh4 52. Kg5 Nf5 53. Kxg6 Ne3 54. Bb3 Ng4 55. Kf5 Ne3+ 56. Ke4 Ng4 57. Kf4 Nf2 58. Bc2 Nh3+ 59. Kg4 Ng1 60. Bd1 1-0

[Event "Newmarket Aurora Fall op"]
[Site "Newmarket"]
[Date "2018.10.21"]
[Round "5.7"]
[White "Noritsyn, Sergey"]
[Black "Colvin, Andrew"]
[Result "1-0"]
[WhiteElo "2304"]
[BlackElo "2071"]
[PlyCount "74"]
[EventDate "2018.10.20"]
[EventType "swiss"]
[EventRounds "5"]
[EventCountry "CAN"]
[SourceTitle "EXT 2022"]
[Source "ChessBase"]
[SourceDate "2021.10.06"]
[SourceVersion "1"]
[SourceVersionDate "2021.10.06"]
[SourceQuality "1"]

1. e4 e6 2. d4 d5 3. Nc3 Nf6 4. Bg5 Bb4 5. e5 h6 6. exf6 hxg5 7. fxg7 Rg8 8. h4 gxh4 9. Nf3 Qf6 10. Rxh4 Qxg7 11. Qd2 Nc6 12. a3 Be7 13. Rh2 Bd7 14. Nb5 0-0-0 15. Qf4 Bd6 16. Nxd6+ cxd6 17. 0-0-0 e5 18. Qh6 Qxh6+ 19. Rxh6 Be6 20. g3 Rh8 21. Rf6 Kd7 22. dxe5 dxe5 23. Ng5 Ke7 24. Rf3 f6 25. Nxe6 Kxe6 26. Rb3 b6 27. Rc3 Nd4 28. Rc7 Rc8 29. Bh3+ f5 30. Rxc8 Rxc8 31. c3 Nb3+ 32. Kc2 Nc5 33. g4 e4 34. gxf5+ Ke5 35. f4+ exf3 36. Rf1 Kf4 37. Bg2 Kxf5 1-0

[Event "Newmarket Aurora Fall op"]
[Site "Newmarket"]
[Date "2018.10.20"]
[Round "2.1"]
[White "Noritsyn, Sergey"]
[Black "Noritsyn, Nikolay"]
[Result "0-1"]
[WhiteElo "2304"]
[BlackElo "2592"]
[PlyCount "100"]
[EventDate "2018.10.20"]
[EventType "swiss"]
[EventRounds "5"]
[EventCountry "CAN"]
[SourceTitle "EXT 2022"]
[Source "ChessBase"]
[SourceDate "2021.10.06"]
[SourceVersion "1"]
[SourceVersionDate "2021.10.06"]
[SourceQuality "1"]

1. e4 e5 2. Nf3 d6 3. d4 exd4 4. Nxd4 Nf6 5. Nc3 Be7 6. Qe2 0-0 7. Bf4 Nc6 8. 0-0-0 Nxd4 9. Rxd4 Be6 10. e5 Ne8 11. Nd5 Bg5 12. Bxg5 Qxg5+ 13. f4 Qh6 14. g3 dxe5 15. Qxe5 c6 16. Ne7+ Kh8 17. Kb1 Nf6 18. Bg2 Ng4 19. Qd6 Nf2 20. Re1 Rae8 21. f5 Bxf5 22. Qxh6 gxh6 23. Rf4 Be6 24. Rxf2 Rxe7 25. Rd1 Kg7 26. b3 Rfe8 27. Rf4 Bc8 28. Bf3 Re1 29. Kb2 Rxd1 30. Bxd1 Re1 31. Bg4 Be6 32. Rd4 f5 33. Bh3 Re2 34. Rf4 Kg6 35. Rh4 Rf2 36. a4 Bd5 37. Rf4 Rxf4 38. gxf4 Be4 39. Kc3 Kh5 40. Kd4 Kh4 41. Bf1 Bxc2 42. Ke5 a5 43. Bc4 Kg4 44. Bg8 h5 45. Bxh7 h4 46. Bg6 Be4 47. Bh7 b5 48. Bg6 bxa4 49. bxa4 c5 50. Bh7 c4 0-1

[Event "Newmarket Aurora Fall op"]
[Site "Newmarket"]
[Date "2018.10.20"]
[Round "1.6"]
[White "Rusonik, Max"]
[Black "Noritsyn, Sergey"]
[Result "0-1"]
[WhiteElo "2044"]
[BlackElo "2304"]
[PlyCount "86"]
[EventDate "2018.10.20"]
[EventType "swiss"]
[EventRounds "5"]
[EventCountry "CAN"]
[SourceTitle "EXT 2022"]
[Source "ChessBase"]
[SourceDate "2021.10.06"]
[SourceVersion "1"]
[SourceVersionDate "2021.10.06"]
[SourceQuality "1"]

1. e4 c5 2. Nf3 d6 3. d4 cxd4 4. Nxd4 Nf6 5. f3 e5 6. Nb3 d5 7. Bg5 Be6 8. Bxf6 gxf6 9. exd5 Qxd5 10. Qxd5 Bxd5 11. Nc3 Bc6 12. 0-0-0 Nd7 13. Nb5 Bxb5 14. Bxb5 0-0-0 15. Na5 Bh6+ 16. Kb1 Nb6 17. Bd3 Na4 18. Nb3 Kc7 19. Rhe1 Bg5 20. g3 h5 21. f4 exf4 22. gxf4 Bh6 23. Re7+ Kb8 24. Rde1 Bxf4 25. R7e4 Bxh2 26. Rxa4 h4 27. Re7 h3 28. Be4 Bc7 29. Rc4 Rc8 30. Nc5 h2 31. Na6+ Ka8 32. Bh1 Rhg8 33. Re1 Rg1 34. Rce4 Bg3 35. Nc7+ Kb8 36. Na6+ bxa6 37. Rb4+ Kc7 38. Rc1 Re8 39. Re4 Rxh1 40. Rc4+ Kb6 41. Rxh1 Re1+ 42. Rxe1 Bxe1 43. Rh4 Bxh4 0-1

[Event "Aurora Spring op"]
[Site "Aurora"]
[Date "2018.03.25"]
[Round "5.5"]
[White "Noritsyn, Sergey"]
[Black "Colvin, Andrew"]
[Result "1-0"]
[WhiteElo "2083"]
[BlackElo "1797"]
[PlyCount "63"]
[EventDate "2018.03.24"]
[EventType "swiss"]
[EventRounds "5"]
[EventCountry "CAN"]
[SourceTitle "EXT 2022"]
[Source "ChessBase"]
[SourceDate "2021.10.06"]
[SourceVersion "1"]
[SourceVersionDate "2021.10.06"]
[SourceQuality "1"]

1. e4 e5 2. Nf3 Nc6 3. d4 exd4 4. Nxd4 Bc5 5. Nxc6 Qf6 6. Qd2 dxc6 7. Nc3 Be6 8. Na4 Rd8 9. Bd3 Bd6 10. f4 Qd4 11. Nc3 Bb4 12. a3 Bxc3 13. bxc3 Qb6 14. Qe2 Ne7 15. f5 Qa5 16. 0-0 Bc8 17. c4 0-0 18. Bd2 Qe5 19. Bf4 Qd4+ 20. Kh1 Rfe8 21. Qf3 c5 22. Qg3 Nc6 23. Bxc7 Rd7 24. f6 g6 25. Qh4 Re6 26. Bg3 h5 27. Qg5 Kh7 28. Rae1 Ne5 29. Bf4 Ng4 30. e5 Nf2+ 31. Rxf2 Qxf2 32. Qh6+ 1-0

[Event "Aurora Fall op"]
[Site "Aurora"]
[Date "2017.10.14"]
[Round "3"]
[White "Noritsyn, Sergey"]
[Black "Dukic, Zachary"]
[Result "0-1"]
[WhiteElo "2074"]
[BlackElo "2020"]
[PlyCount "50"]
[EventDate "2017.10.14"]
[EventType "swiss"]
[EventRounds "5"]
[EventCountry "CAN"]
[SourceTitle "CBM 181 Extra"]
[Source "ChessBase"]
[SourceDate "2017.12.12"]
[SourceVersion "1"]
[SourceVersionDate "2017.12.12"]
[SourceQuality "1"]

1. e4 e5 2. Nf3 Nc6 3. d4 exd4 4. Nxd4 Bb4+ 5. c3 Bc5 6. Be3 Bb6 7. Nd2 Nf6 8. Bd3 0-0 9. Qe2 d5 10. Nxc6 bxc6 11. 0-0-0 Ng4 12. Nf3 Qe8 13. Bxb6 axb6 14. h3 Nf6 15. e5 Ne4 16. Kb1 Bf5 17. g4 Bg6 18. h4 h5 19. Rdg1 Qe6 20. Nd4 Qxe5 21. Ka1 c5 22. Nc6 Nxc3 23. bxc3 Qxc3+ 24. Qb2 Rxa2+ 25. Kxa2 Ra8+ 0-1

[Event "Wch U14"]
[Site "Montevideo"]
[Date "2017.09.23"]
[Round "8"]
[White "Noritsyn, Sergey"]
[Black "Nogerbek, Kazybek"]
[Result "1/2-1/2"]
[WhiteElo "2038"]
[BlackElo "2358"]
[PlyCount "118"]
[EventDate "2017.09.17"]
[EventType "swiss"]
[EventRounds "11"]
[EventCountry "URU"]
[SourceTitle "CBM 180 Extra"]
[Source "ChessBase"]
[SourceDate "2017.10.06"]
[SourceVersion "1"]
[SourceVersionDate "2017.10.06"]
[SourceQuality "1"]

1. e4 c5 2. Nf3 Nc6 3. c3 Nf6 4. e5 Nd5 5. d4 cxd4 6. cxd4 d6 7. Bc4 dxe5 8. Nxe5 e6 9. 0-0 Bd6 10. Nxc6 bxc6 11. Nc3 0-0 12. Nxd5 cxd5 13. Bd3 Qf6 14. Qc2 Bd7 15. Bxh7+ Kh8 16. Bd3 Qxd4 17. Be3 Qe5 18. g3 Qh5 19. f4 Rfc8 20. Qf2 Bc6 21. Bd4 f6 22. Rae1 Bd7 23. Qg2 Qg4 24. h3 Qh5 25. g4 Qh4 26. Re2 Bc5 27. Bxc5 Rxc5 28. Kh2 Rac8 29. g5 Rc1 30. gxf6 gxf6 31. Ref2 Rxf1 32. Rxf1 Rg8 33. Qf2 Qxf2+ 34. Rxf2 Rc8 35. Rc2 Rxc2+ 36. Bxc2 e5 37. Kg3 Kg7 38. b4 exf4+ 39. Kxf4 Bxh3 40. a4 Kf7 41. Ke3 Ke6 42. Kd4 Kd6 43. b5 f5 44. a5 f4 45. b6 axb6 46. axb6 Bg2 47. Bd3 Kc6 48. Ke5 Kxb6 49. Kxf4 d4 50. Kg3 Bc6 51. Kf2 Bb5 52. Ke2 Bxd3+ 53. Kxd3 Kc5 54. Kd2 Kc4 55. Kc2 d3+ 56. Kd2 Kd4 57. Kd1 Kc3 58. Kc1 d2+ 59. Kd1 Kd3 1/2-1/2

[Event "Titled Tuesday intern Qual3 18th April"]
[Site "Chess.com INT"]
[Date "2017.04.18"]
[Round "4"]
[White "Noritsyn, Sergey"]
[Black "Nakamura, Hikaru"]
[Result "1-0"]
[WhiteElo "2097"]
[BlackElo "2793"]
[PlyCount "95"]
[EventDate "2017.04.18"]
[EventType "swiss (blitz)"]
[EventRounds "10"]
[EventCountry "USA"]
[SourceTitle "EXT 2021"]
[Source "ChessBase"]
[SourceDate "2020.10.23"]
[SourceVersion "1"]
[SourceVersionDate "2020.10.23"]
[SourceQuality "1"]

1. b3 e5 2. Bb2 Nc6 3. e3 Nf6 4. Bb5 e4 5. Ne2 Ne7 6. Bxf6 gxf6 7. Ng3 f5 8. d4 c6 9. Be2 Ng6 10. 0-0 d5 11. Nh5 Be6 12. c4 Bd6 13. g3 0-0 14. c5 Bc7 15. Nc3 Kh8 16. Qd2 Qg5 17. f4 Qh6 18. Rab1 f6 19. Qd1 Ne7 20. a3 Bf7 21. b4 b6 22. b5 bxc5 23. dxc5 Ba5 24. Rc1 Bxc3 25. Rxc3 cxb5 26. c6 d4 27. exd4 Nd5 28. Rc5 Ne3 29. Qc1 Nxf1 30. Rxf5 Nxh2 31. Kxh2 Bg6 32. Rd5 f5 33. Rd6 Rf7 34. d5 Qf8 35. Qc3+ Kg8 36. Nf6+ Kh8 37. Re6 a5 38. Bxb5 e3 39. d6 h5 40. c7 h4 41. gxh4 Qh6 42. Nh5+ Kh7 43. d7 Qxh5 44. d8Q Rg7 45. Qxa8 Qxh4+ 46. Kg2 Qg4+ 47. Kf1 Qf3+ 48. Qxf3 1-0

[Event "Titled Tuesday intern Qual3 18th April"]
[Site "Chess.com INT"]
[Date "2017.04.18"]
[Round "6"]
[White "Noritsyn, Sergey"]
[Black "Sebastian"]
[Result "1/2-1/2"]
[WhiteElo "2097"]
[BlackElo "1405"]
[PlyCount "117"]
[EventDate "2017.04.18"]
[EventType "swiss (blitz)"]
[EventRounds "10"]
[EventCountry "USA"]
[SourceTitle "EXT 2021"]
[Source "ChessBase"]
[SourceDate "2020.10.23"]
[SourceVersion "1"]
[SourceVersionDate "2020.10.23"]
[SourceQuality "1"]

1. e4 c5 2. Nf3 d6 3. c3 Nf6 4. h3 Nc6 5. Bd3 d5 6. e5 Nd7 7. Bb5 Qb6 8. Ba4 c4 9. 0-0 Nc5 10. Bc2 Nd3 11. b3 Ndxe5 12. Nxe5 Nxe5 13. bxc4 dxc4 14. Qe2 Nd3 15. Bxd3 cxd3 16. Qxd3 e6 17. Ba3 Bxa3 18. Nxa3 0-0 19. Rab1 Qc5 20. Nc2 b6 21. Nd4 Bb7 22. Qg3 Bd5 23. a4 h6 24. Rfe1 Rac8 25. Nb5 Qe7 26. a5 bxa5 27. Nd6 Rcd8 28. Nf5 Qf6 29. Nd4 Rfe8 30. Ra1 e5 31. Rxa5 Bxg2 32. Rexe5 Rxe5 33. Qxe5 Qxe5 34. Rxe5 Bxh3 35. Ra5 Rd7 36. f4 g6 37. Kf2 Kg7 38. Nf3 Bg4 39. d4 Rc7 40. Ne5 Be6 41. d5 Bf5 42. c4 f6 43. d6 Rb7 44. Nc6 Bd7 45. Rxa7 Rxa7 46. Nxa7 Kf7 47. c5 Ke6 48. c6 Kxd6 49. cxd7 Kxd7 50. Nb5 Ke6 51. Nd4+ Kd5 52. Ke3 h5 53. Nf3 Ke6 54. Nh4 g5 55. fxg5 fxg5 56. Nf3 g4 57. Kf2 Kf5 58. Kg3 gxf3 59. Kxf3 1/2-1/2

[Event "Titled Tuesday intern op 7th March"]
[Site "Chess.com INT"]
[Date "2017.03.07"]
[Round "6"]
[White "Noritsyn, Sergey"]
[Black "Hjartarson, Johann"]
[Result "1-0"]
[WhiteElo "2097"]
[BlackElo "2531"]
[PlyCount "137"]
[EventDate "2017.03.07"]
[EventType "swiss (blitz)"]
[EventRounds "11"]
[EventCountry "USA"]
[SourceTitle "EXT 2021"]
[Source "ChessBase"]
[SourceDate "2020.10.23"]
[SourceVersion "1"]
[SourceVersionDate "2020.10.23"]
[SourceQuality "1"]

1. e4 e5 2. Nf3 Nc6 3. d4 exd4 4. Nxd4 Nf6 5. Nc3 Bb4 6. Nxc6 bxc6 7. Bd3 0-0 8. 0-0 d5 9. exd5 cxd5 10. Bg5 c6 11. Qf3 Bd6 12. h3 Be6 13. Rfe1 Rb8 14. Rab1 Re8 15. Ne2 c5 16. Nf4 h6 17. Nxe6 fxe6 18. Bh4 Rb4 19. Bg3 Bxg3 20. Qxg3 Qb8 21. Qxb8 Rbxb8 22. c4 Kf7 23. f4 Rb4 24. b3 a5 25. f5 d4 26. Re5 Nd7 27. fxe6+ Rxe6 28. Rd5 Ne5 29. Bf5 Re7 30. Rxc5 a4 31. bxa4 Rxa4 32. Rf1 Ra6 33. Be4+ Rf6 34. Rxf6+ Kxf6 35. Rd5 Ra7 36. Rxd4 Rxa2 37. Bd5 g5 38. Kf1 Rc2 39. Ke1 h5 40. Kd1 Ra2 41. Kc1 g4 42. hxg4 hxg4 43. Kb1 Rf2 44. c5 Ke7 45. Re4 Rf5 46. Kb2 Kd7 47. Kc3 Kc7 48. Kd4 Nc6+ 49. Bxc6 Kxc6 50. Re6+ Kc7 51. Rg6 Rf4+ 52. Kd5 Rf5+ 53. Kc4 Rf1 54. Rxg4 Rc1+ 55. Kd5 Rd1+ 56. Rd4 Rg1 57. g4 Rg2 58. Ke6 Kc6 59. Rf4 Kxc5 60. Kf6 Kd5 61. g5 Ra2 62. g6 Ra6+ 63. Kf5 Ra8 64. g7 Kd6 65. Rg4 Rg8 66. Kf6 Kd7 67. Kf7 Rxg7+ 68. Kxg7 Ke6 69. Kg6 1-0